书目信息 |
| 题名: |
高压容器
|
|
| 作者: | 丁伯民 , 黄正林 编 | |
| 分册: | ||
| 出版信息: | 北京 化学工业出版社 2003.01 |
|
| 页数: | 251页 | |
| 开本: | 26cm | |
| 丛书名: | 化工设备设计全书 | |
| 单 册: | ||
| 中图分类: | TQ051.3 | |
| 科图分类: | ||
| 主题词: | 化工机械 , 化工设备 | |
| 电子资源: | ||
| ISBN: | 7-5025-4072-5 | |
| 000 | 00685nam0 2200241 45 | |
| 001 | 0335606435 | |
| 005 | 2003090109532643 | |
| 010 | @a7-5025-4072-5@dCNY 35.00 | |
| 100 | @a20030901d2003 km y0chiy0120 ea | |
| 101 | 0 | @achi |
| 102 | @aCN@b110000 | |
| 200 | 1 | @a高压容器@AGao Ya Rong Qi@f丁伯民,黄正林编@Fding bo min,huang zheng lin bian |
| 210 | @a北京@c化学工业出版社@d2003.01 | |
| 215 | @a251页@d26cm | |
| 225 | 2 | @a化工设备设计全书 |
| 410 | 0 | @12001 @a化工设备设计全书 |
| 606 | 0 | @a化工机械 |
| 606 | 0 | @a化工设备 |
| 690 | @aTQ051.3@v3 | |
| 701 | 0 | @a丁伯民@Ading bo min@4编 |
| 701 | 0 | @a黄正林@Ahuang zheng lin@4编 |
| 801 | 0 | @aCN@bPFT@c20030901 |
| 905 | @a@dTQ051.3@eD514 | |
| 高压容器/丁伯民,黄正林编.-北京:化学工业出版社,2003.01 |
| 251页;26cm.-(化工设备设计全书) |
| ISBN 7-5025-4072-5:CNY 35.00 |
| ● |
| 相关链接 |
|
|
|
正题名:高压容器
索取号:TQ051.3/D514
 
预约/预借
| 序号 | 登录号 | 条形码 | 馆藏地/架位号 | 状态 | 备注 |
| 1 | 372641 | 203726414 | 自科库501/501自科库 138排5列4层/ [索取号:TQ051.3/D514] | 在馆 | |
| 2 | 372642 | 203726423 | 材料与化工学院资料室/ [索取号:TQ051.3/D514] | 在馆 |